Logo BPK

Biblioteka

Politechniki Koszalińskiej

Integracja europejska : (Rekord nr 52436)

Szczegóły MARC
000 -ETYKIETA REKORDU
podpole kontrolne o stałej długości 01509nam a2200457 i 4500
001 - NUMER KONTROLNY REKORDU
pole kontrolne 52436
003 - IDENTYFIKATOR NUMERU KONTROLNEGO REKORDU
podpole kontrolne KOSZ 005
005 - DATA OSTATNIEJ MODYFIKACJI REKORDU
podpole kontrolne 20220602122655.0
008 - POLE O STAŁEJ DŁUGOŚCI - DANE KONTROLNE
podpole kontrolne o stałej długości 020709s2002 pl a |000 0 pol
015 ## - NUMER BIBLIOGRAFII NARODOWEJ
Numer bibliografii narodowej UWD 2002/11514
020 ## - MIĘDZYNARODOWY ZNORMALIZOWANY NUMER KSIĄŻKI - ISBN
ISBN 8320814065
035 ## - NUMER SYSTEMOWY
Numer systemowy przejętego rekordu 991018548669705066
035 ## - NUMER SYSTEMOWY
Numer systemowy przejętego rekordu (PL-WaBN)b15028069-48omnis_nlop
035 ## - NUMER SYSTEMOWY
Numer systemowy przejętego rekordu b15028069
035 ## - NUMER SYSTEMOWY
Numer systemowy przejętego rekordu (OCoLC)830318827
035 ## - NUMER SYSTEMOWY
Numer systemowy przejętego rekordu zz2002930226
035 ## - NUMER SYSTEMOWY
Numer systemowy przejętego rekordu (PL)b0000001502806
035 ## - NUMER SYSTEMOWY
Numer systemowy przejętego rekordu (EXLNZ-48OMNIS_NETWORK)9910147649205606
040 ## - ŹRÓDŁO KATALOGOWANIA
Instytucja, która sporządziła opis WA N
Instytucja, która utworzyła rekord WA N
Instytucja, która dokonała modyfikacji KOSZ 005/HR
046 ## - DATY KODOWANE
Pojedyncza data lub początek okresu powstania dzieła lub zbioru dzieł 2002
080 ## - UNIWERSALNA KLASYFIKACJA DZIESIĘTNA - UKD
UKD 338.22(438)"1989/...":
080 ## - UNIWERSALNA KLASYFIKACJA DZIESIĘTNA - UKD
UKD 339.923(4-67)"1989/..."
100 1# - NAZWA OSOBOWA
Nazwa osobowa Nowak, Alojzy Zbigniew
Daty związane z nazwą (1956- )
Określenie rodzaju współpracy Autor
245 10 - TYTUŁ/ODPOWIEDZIALNOŚĆ
Tytuł Integracja europejska :
Ciąg dalszy tytułu szansa dla Polski? /
Pozostałe elementy strefy tytułu i oznaczenia odpowiedzialności Alojzy Z. Nowak.
260 ## - STREFA ADRESU WYDAWNICZEGO
Miejsce wydania Warszawa :
Nazwa wydawcy/dystrybutora Polskie Wydawnictwo Ekonomiczne,
Data publikacji, dystrybucji/powstania dokumentu 2002.
300 ## - STREFA OPISU FIZYCZNEGO
Objętość 221, [3] s. :
Inne cechy fizyczne il. ;
Rozmiary 21 cm.
336 ## - TYP ZAWARTOŚCI
Termin opisujący typ zawartości Tekst
Kod określający zawartość txt
Źródło (terminu i kodu) rdacontent
337 ## - TYP MEDIÓW
Tryb odtwarzania Bez urządzenia pośredniczącego
Kod typu mediów n
Źródło (terminu i kodu) rdamedia
338 ## - TYP/RODZAJ NOŚNIKA
Hasło opisujące typ nośnika Wolumin
Kod typu nośnika nc
Źródło (terminu i kodu) rdacarrier
380 ## - FORMA I TYP PUBLIKACJI
Forma i typ publikacji Książki
388 ## - CZAS POWSTANIA
Czas powstania 2001-
504 ## - UWAGA DOTYCZĄCA BIBLIOGRAFII
Informacje o bibliografii Bibliogr.
610 27 - HASŁO PRZEDMIOTOWE W FORMIE NAZWY CIAŁA ZBIOROWEGO
Nazwa ciała zbiorowego lub nazwa geograficzna Unia Europejska (UE)
Źródło hasła lub terminu DBN
650 #7 - HASŁO PRZEDMIOTOWE W FORMIE NAZWY OGÓLNEJ LUB JEDNOSTKOWEJ
Nazwa ogólna lub geograficzna Integracja europejska
651 #7 - HASŁO PRZEDMIOTOWE W FORMIE NAZWY GEOGRAFICZNEJ
Nazwa geograficzna Polska
Źródło hasła lub terminu DBN
658 ## - TERMIN INDEKSOWY - PRZEDMIOT PROGRAMU NAUCZANIA
Główny przedmiot programu nauczania Gospodarka, ekonomia, finanse
710 2# - HASŁO DODATKOWE - NAZWA CIAŁA ZBIOROWEGO
Nazwa ciała zbiorowego lub jednostki geograficznej Polskie Wydawnictwo Ekonomiczne
Kod określenia powiązania pbl
856 ## - LOKALIZACJA I DOSTĘP DO ELEKTRONICZNYCH DOKUMENTÓW ZDALNYCH
Link (URL) http://koha.tu.koszalin.pl/cgi-bin/koha/opac-detail.pl?biblionumber=52436
Tekst linku Katalog online BPK
942 ## - DODATKOWE ELEMENTY (KOHA)
Schemat klasyfikacji Uniwersalna Klasyfikacja Dziesiętna
Typ dokumentu Książka
Egzemplarze
Wycofany Status egzemplarza Uszkodzony Dostępność Lokalizacja stała Lokalizacja bieżąca Miejsce przechowywania Sygnatura Kod kreskowy Ostatnio wypożyczono Typ dokumentu Dział
      Dostępny Biblioteka Politechniki Koszalińskiej Biblioteka Politechniki Koszalińskiej Wypożyczalnia BG 80818 02331614 04.03.2014 Książka  
      Tylko na miejscu Biblioteka Politechniki Koszalińskiej Biblioteka Politechniki Koszalińskiej Czytelnia BG 82158 02358178   Książka 339.92 Międzynarodowa integracja gospodarcza
      Tylko na miejscu Biblioteka Politechniki Koszalińskiej Biblioteka Politechniki Koszalińskiej Czytelnia Wydziałowa ul. Kwiatkowskiego 6e 82159 02358161   Książka  
      Dostępny Biblioteka Politechniki Koszalińskiej Biblioteka Politechniki Koszalińskiej Wypożyczalnia BG 82160 02358154   Książka  
© 2023 Biblioteka Politechniki Koszalińskiej :: KOHA